<?xml version="1.0" encoding="UTF-8"?><?xml-stylesheet type="text/xsl" href="static/style.xsl"?><OAI-PMH xmlns="http://www.openarchives.org/OAI/2.0/" xmlns:xsi="http://www.w3.org/2001/XMLSchema-instance" xsi:schemaLocation="http://www.openarchives.org/OAI/2.0/ http://www.openarchives.org/OAI/2.0/OAI-PMH.xsd"><responseDate>2026-06-01T17:45:54Z</responseDate><request verb="GetRecord" identifier="oai:riuma.uma.es:10630/6801" metadataPrefix="marc">https://riuma.uma.es/rest/oai/request</request><GetRecord><record><header><identifier>oai:riuma.uma.es:10630/6801</identifier><datestamp>2026-02-03T12:52:38Z</datestamp><setSpec>com_10630_5701</setSpec><setSpec>com_10630_3139</setSpec><setSpec>com_10630_10</setSpec><setSpec>col_10630_6674</setSpec></header><metadata><record xmlns="http://www.loc.gov/MARC21/slim" xmlns:dcterms="http://purl.org/dc/terms/" xmlns:doc="http://www.lyncode.com/xoai" xmlns:xsi="http://www.w3.org/2001/XMLSchema-instance" xsi:schemaLocation="http://www.loc.gov/MARC21/slim http://www.loc.gov/standards/marcxml/schema/MARC21slim.xsd">
   <leader>00925njm 22002777a 4500</leader>
   <datafield ind2=" " ind1=" " tag="042">
      <subfield code="a">dc</subfield>
   </datafield>
   <datafield ind2=" " ind1=" " tag="720">
      <subfield code="a">Roldán-Paz, Lorena María</subfield>
      <subfield code="e">author</subfield>
   </datafield>
   <datafield ind2=" " ind1=" " tag="260">
      <subfield code="c">2006</subfield>
   </datafield>
   <datafield ind2=" " ind1=" " tag="520">
      <subfield code="a">Debido al pragmatismo político que, inducido por la fuerza de los acontecimientos,&#xd;
desarrolló la monarquía hispano-moderna, ésta, fervorosa valedora del paradigma cristianocatólico,&#xd;
hubo de admitir, sin embargo, la estancia en sus reinos de herejes extranjeros. Aquella&#xd;
concesión a la heterodoxia provocó efectos ambivalentes: si, por una parte, atizó acres repulsas&#xd;
entre los sectores más tradicionalistas de la sociedad –como el Santo Oficio–, también creó un&#xd;
ambiente propicio para el conocimiento del otro, despojado de cualquier ropaje estereotipado&#xd;
y malicioso, así como para el florecimiento de sentimientos de tolerancia. En el presente&#xd;
artículo analizamos cómo afectó el fenómeno a Málaga, cuyas características geoeconómicas&#xd;
determinaron que contara con una populosa colonia de foráneos.</subfield>
   </datafield>
   <datafield ind2=" " ind1=" " tag="520">
      <subfield code="a">Due to pragmatism that, induced by the force of historic events, developed hispanic&#xd;
modern monarchy, this one, fervent protector of catholicism, however, had to admit heretic&#xd;
people staying in its territory. That concession to heterodoxy caused ambivalent effects:&#xd;
on the one hand, it was repulsed by the most traditional organisms of the society –like the&#xd;
Inquisition–, on the other, it created a propitious atmosphere for the knowledge of the other,&#xd;
devoid of stereotypes, in addition to favour tolerant feelings. In this article we analyze how the&#xd;
phenomenon affected to Malaga, whose geographic and economic characteristics caused that&#xd;
lots of foreigners lived in the city.</subfield>
   </datafield>
   <datafield ind1="8" ind2=" " tag="024">
      <subfield code="a">ROLDÁN PAZ, LORENA "Política "versus" religión : intereses enfrentados alrededor de la presencia extranjera en la España del Antiguo Régimen (Málaga, siglo XVII)" Baetica, 28 (2), 2006, p.503-524</subfield>
   </datafield>
   <datafield ind1="8" ind2=" " tag="024">
      <subfield code="a">0212-5099</subfield>
   </datafield>
   <datafield ind1="8" ind2=" " tag="024">
      <subfield code="a">http://hdl.handle.net/10630/6801</subfield>
   </datafield>
   <datafield tag="653" ind2=" " ind1=" ">
      <subfield code="a">Iglesia y Estado - Iglesia Católica - Málaga - S. XVII</subfield>
   </datafield>
   <datafield ind2="0" ind1="0" tag="245">
      <subfield code="a">Política "versus" religión : intereses enfrentados alrededor de la presencia extranjera en la España del Antiguo Régimen (Málaga, siglo XVII)</subfield>
   </datafield>
</record>
</metadata></record></GetRecord></OAI-PMH>